Practice problems for the P.E. examination in environmental engineering : (with solutions) /
Guardado en:
| Autor Principal: | |
|---|---|
| Otros Autores: | , |
| Formato: | Libro |
| Idioma: | English |
| Publicado: |
Annapolis, MD :
American Academy of Environmental Engineers,
1999.
|
| Edición: | 2nd ed. |
| Materias: | |
| Etiquetas: |
Agregar Etiqueta
Sin Etiquetas, Sea el primero en etiquetar este registro!
|
| LEADER | 00979cam a22002535a 4500 | ||
|---|---|---|---|
| 001 | EIQ.libpla002781 | ||
| 008 | 990325s1999####mdu######b####000#0#eng#d | ||
| 005 | 20070823190253.0 | ||
| 245 | 1 | 0 | |a Practice problems for the P.E. examination in environmental engineering : |b (with solutions) / |c Michael J. McFarland, Stephen P. Shelton, Hector R. Fuentes. |
| 250 | |a 2nd ed. | ||
| 260 | |a Annapolis, MD : |b American Academy of Environmental Engineers, |c 1999. | ||
| 300 | |a 184 p. ; |c 28 cm. | ||
| 504 | |a Incluye referencias bibliográficas. | ||
| 020 | |a 188376730X | ||
| 100 | 1 | |a McFarland, Michael J., |d 1958- | |
| 700 | 1 | |a Shelton, Stephen P., |d 1948- | |
| 700 | 1 | |a Fuentes, Hector R., |d 1950- | |
| 043 | |a n-us--- | ||
| 082 | 0 | 0 | |a 628/.076 |2 21 |
| 650 | 0 | |a Ingeniería ambiental |x Problemas, ejercicios, etc. | |
| 650 | 0 | |a Environmental engineering |x Problems, exercises, etc. | |
| 010 | |a 99023154 | ||
| 040 | |a DLC |c DLC |d AR-BbSID | ||
| 859 | |a AR-BbSID |b BIB. PLAPIQUI |h 628.076 |i M 164 |p 5398 | ||
